Circuitos eléctricos

Guardat en:
Dades bibliogràfiques
Autor principal: Nilsson, James William
Altres autors: Riedel, Susan A.
Format: Llibre
Idioma:Spanish
Publicat: Madrid : Pearson/Prentice Hall, c2005.
Edició:7
Matèries:
Etiquetes: Afegir etiqueta
Sense etiquetes, Sigues el primer a etiquetar aquest registre!

MARC

LEADER 00000nam a2200000Ia 4500
003 000377
005 20221231144023.0
008 140114s2005 sp a 000 ||spa d
040 |c cru CEDI 
082 |a 621.381.5 N712c7 
100 |a Nilsson, James William  |9 19231 
245 |a Circuitos eléctricos 
250 |a 7 
260 |a Madrid : Pearson/Prentice Hall,  |c  c2005. 
300 |a xxvii, 1015 páginas : ilustraciones 
500 |a Traducción de: Electric circuits. 7. ed. 
650 |x CIRCUITOS ELECTRICOS  |9 19234 
700 |9 19233  |a Riedel, Susan A. 
942 |2 ddc  |c BK 
999 |c 15708  |d 15708